00801nam a2200217 4500001000700000003000900007005001700016007000300033008004100036100003000077245010400107260003300211300001900244490003200263700003800295700003700333830004000370852003200410999001900442952012200461107514ES-MaACL20250829074603.0t|061121s1967 sp r ||||1| spa d1 aMorazé, Charles.98317613aLa Francia burguesa / cCharles Morazé, prefacio de Lucien Febvre; traducción Beatriz de Moura. aBarcelona : bLumen, c1967. a275 p. ; c19.1 aPalabra en el tiempo ; v121 aFebvre, Lucien,d1878-19569490471 aMoura, Beatriz de,d1939-9838800 aPalabra en el tiempo ; v129177857 aES-MaACLjC-32906 bR.62959 c107514d107514 00104070aATENEOMbATENEOMcDEPO2d2008-01-17eSCl0oC-32906p1112206r2023-02-23 00:00:00w2023-02-23yMONOGRAFIA